Global marketing (Registro nro. 165260)

Detalles MARC
000 -ENCABEZADO
Número de control [NR] 01095nam a22002777a 4500
005 - FECHA Y HORA DE LA ÚLTIMA TRANSACCIÓN
control field 20151105195156.0
008 - DE LONGITUD FIJA DE DATOS DE ELEMENTOS - INFORMACIÓN GENERAL
Elementos de longitud fija [NR] 130821s2011 at a gr eng
020 ## - NUMERO INTERNACIONAL NORMALIZADO PARA LIBROS [R]
Número Internacional Normalizado del libro [NR] 1439039437
020 ## - NUMERO INTERNACIONAL NORMALIZADO PARA LIBROS [R]
Número Internacional Normalizado del libro [NR] 9781439039434
040 ## - FUENTE DE CATALOGACION [NR]
Agencia de catalogación original [NR] CO-BoUCM
Quien Cataloga Sandra Palacio (modificó)
Quien Clasifica Aldemar Mondragón
Idioma de catalogación [NR] spa
041 0# - CODIGO DE IDIOMA [R]
Código de idioma para texto/pista de sonido o título separado [R] Inglés
100 1# - ASIENTO PRINCIPAL--NOMBRE PERSONAL [NR]
Nombre personal [NR] Gillespie, Kate
ID Autoridad 34204
245 10 - MENCION DE TITULO [NR]
Título [NR] Global marketing
Mención de responsabilidad, etc. [NR] Kate Gillespie, H. David Hennessey
250 ## - MENCION DE EDICION [NR]
Mención de edición [NR] 3rd ed
260 ## - PUBLICACION, DISTRIBUCION, ETC. (PIE DE IMPRENTA) [R]
Lugar de publicación, distribución, etc. [R] Australia (Oceanía)
Nombre del editor, distribuidor, etc. [R] South-Western Cengage Learning
Fecha de publicación, distribución, etc. [R] 2011
300 ## - DESCRIPCION FISICA [R]
Extensión [R] xxiv, 576 páginas
Otros detalles físicos [NR] ilustraciones
504 ## - NOTA DE BIBLIOGRAFIA, ETC. [R]
Nota de bibliografía, etc. [NR] Incluye referencias bibliográficas e índices
650 #7 - ASIENTO SECUNDARIO DE MATERIA - TERMINO TEMATICO [R]
Término temático o nombre geográfico como elemento de entrada [NR] Mercado de exportación
9 (RLIN) 19340
650 #7 - ASIENTO SECUNDARIO DE MATERIA - TERMINO TEMATICO [R]
Término temático o nombre geográfico como elemento de entrada [NR] Mercado de exportación
Subdivisión general [R] Administración
9 (RLIN) 34053
650 #7 - ASIENTO SECUNDARIO DE MATERIA - TERMINO TEMATICO [R]
Término temático o nombre geográfico como elemento de entrada [NR] Promoción de exportaciones
9 (RLIN) 22554
690 ## - ASUNTO AGREGADO LOCAL DE ENTRADA - TÉRMINO TEMÁTICO (OCLC, RLIN)
Acceso temático local Administración de empresas
700 1# - ASIENTO SECUNDARIO - NOMBRE PERSONAL [R]
Nombre personal [NR] Hennessey, H. David
9 (RLIN) 34206
856 4# - LOCALIZACION Y ACCESO ELECTRONICOS [R]
Especificación de los materiales [NR] Consulte las tablas de contenido haciendo clic aquí
Identificador Uniforme del Recurso (“URI”) [R] <a href="http://www.loc.gov/catdir/enhancements/fy1303/2009937990-t.html">http://www.loc.gov/catdir/enhancements/fy1303/2009937990-t.html</a>
942 ## - ELEMENTOS DE ENTRADA AGREGADOS (KOHA)
Tipo de ítem principal el descrito en 300a Libro
Tema principal Administración
Edición 3
Parte restante de la signatura top. G478g
Sistema de clasificación DEWEY
Clasificación 658.84
Existencias
Fecha de último préstamo Total préstamos Signatura topográfica Código de barras Última vez visto Volúmen / Fascículo Ejemplar Costo de reposición Price effective from Tipo de ítem Perdido Sistema de clasificación Dañado No prestable Tipo de ítem específico Suprimido Ubicación habitual Ubicación actual Localización Fecha de creación Proveedor Forma de adquisición Costo
08/05/2024 1 658.84 G478g 100132626 11/12/2025 3a.Ed. Ej.1 442000.00 22/03/2013 Libro   DEWEY     Libro   Sede del emprendimiento y la innovación Sede del Emprendimiento, Innovación y Creación 1er piso 22/03/2013 10 Compra 520000.00